<?xml version="1.0" encoding="UTF-8"?>
<record
    xmlns:xsi="http://www.w3.org/2001/XMLSchema-instance"
    xsi:schemaLocation="http://www.loc.gov/MARC21/slim http://www.loc.gov/standards/marcxml/schema/MARC21slim.xsd"
    xmlns="http://www.loc.gov/MARC21/slim">

  <leader>00496nam a22001817a 4500</leader>
  <controlfield tag="003">BDDh-ASL</controlfield>
  <controlfield tag="005">20231015031058.0</controlfield>
  <controlfield tag="008">221226r1960    u  ||||| |||| 00| 0 a   d</controlfield>
  <datafield tag="040" ind1=" " ind2=" ">
    <subfield code="a">BDDh-ASL</subfield>
    <subfield code="c">BDDh-ASL</subfield>
  </datafield>
  <datafield tag="041" ind1=" " ind2=" ">
    <subfield code="a">ara</subfield>
  </datafield>
  <datafield tag="082" ind1=" " ind2=" ">
    <subfield code="a">297</subfield>
    <subfield code="b">RUB</subfield>
  </datafield>
  <datafield tag="100" ind1="1" ind2=" ">
    <subfield code="a">Rushd, Ibn </subfield>
    <subfield code="9">6861</subfield>
  </datafield>
  <datafield tag="245" ind1="1" ind2="0">
    <subfield code="a">Bid&#x101;yatul Mujtahid : / &#x628;&#x62F;&#x627;&#x64A;&#x629; &#x627;&#x644;&#x645;&#x62C;&#x62A;&#x647;&#x62F; </subfield>
  </datafield>
  <datafield tag="260" ind1=" " ind2=" ">
    <subfield code="a">Egypt : </subfield>
    <subfield code="b">Mustafa Al Babi Al Halabi , </subfield>
    <subfield code="c">1960. </subfield>
  </datafield>
  <datafield tag="300" ind1=" " ind2=" ">
    <subfield code="a">992 p. : </subfield>
    <subfield code="c">22 cm. </subfield>
  </datafield>
  <datafield tag="650" ind1=" " ind2="0">
    <subfield code="a">Usul-e Fiqh </subfield>
    <subfield code="9">6827</subfield>
  </datafield>
  <datafield tag="942" ind1=" " ind2=" ">
    <subfield code="2">ddc</subfield>
    <subfield code="c">BK</subfield>
  </datafield>
  <datafield tag="952" ind1=" " ind2=" ">
    <subfield code="0">0</subfield>
    <subfield code="1">0</subfield>
    <subfield code="2">ddc</subfield>
    <subfield code="4">0</subfield>
    <subfield code="7">1</subfield>
    <subfield code="8">NFIC</subfield>
    <subfield code="a">ASL</subfield>
    <subfield code="b">ASL</subfield>
    <subfield code="c">GEN</subfield>
    <subfield code="d">2022-12-26</subfield>
    <subfield code="e">ASB Library Collection</subfield>
    <subfield code="h">A-0108</subfield>
    <subfield code="l">0</subfield>
    <subfield code="o">297 RUB</subfield>
    <subfield code="p">118134</subfield>
    <subfield code="r">2022-12-26 00:00:00</subfield>
    <subfield code="t">C-1</subfield>
    <subfield code="w">2022-12-26</subfield>
    <subfield code="y">BK</subfield>
    <subfield code="z">Y-1960</subfield>
  </datafield>
  <datafield tag="999" ind1=" " ind2=" ">
    <subfield code="c">29845</subfield>
    <subfield code="d">29845</subfield>
  </datafield>
</record>
